[Event "LSV Turm Lippstadt 1 - SVG Alsdorf 1"]
[Site "NRW-Liga - Gruppe 2 2019/2020"]
[Date "2019.12.15"]
[Round "4.8"]
[White "Fecke, Andreas"]
[Black "De Cocq, Ramin"]
[Result "1/2-1/2"]
[WhiteElo "2072"]
[BlackElo "1772"]
[PlyCount "82"]
[EventDate "2019.??.??"]
[SourceVersionDate "2020.03.16"]
[WhiteTeam "LSV Turm Lippstadt 1"]
[BlackTeam "SVG Alsdorf 1"]

1. e4 e6 2. d3 d5 3. Nd2 Nf6 4. Ngf3 c5 5. g3 Nc6 6. Bg2 b6 7. O-O Bb7 8. e5
Nd7 9. Re1 Qc7 10. Qe2 Be7 11. c3 h6 12. a3 O-O-O 13. b4 g5 14. b5 Na5 15. h3
h5 16. Nh2 Rdg8 17. Rb1 Nf8 18. Nb3 Nxb3 19. Rxb3 f5 20. exf6 Bxf6 21. Bd2 e5
22. c4 d4 23. Bxb7+ Qxb7 24. Qf3 Qxf3 25. Nxf3 Nd7 26. Re4 Rh7 27. Be1 Rgh8 28.
a4 Kb7 29. a5 Ra8 30. a6+ Kc7 31. Nd2 Rg8 32. Re2 Be7 33. Ne4 Rf7 34. Bd2 Rf5
35. Rb1 Rf3 36. Rb3 Rf5 37. Kg2 g4 38. h4 Rgf8 39. Bg5 Bf6 40. Rbb2 Rf7 41. Re1
Bg7 1/2-1/2

[Event "SF Brackel 1 - SF Gerresheim 1"]
[Site "NRW-Liga - Gruppe 2 2019/2020"]
[Date "2019.12.15"]
[Round "4.1"]
[White "Dresen, Ulrich"]
[Black "Kartsev, Soel"]
[Result "0-1"]
[WhiteElo "2195"]
[BlackElo "2216"]
[PlyCount "102"]
[EventDate "2019.??.??"]
[SourceVersionDate "2020.03.16"]
[WhiteTeam "SF Gerresheim 1"]
[BlackTeam "SF Brackel 1"]

1. d4 Nf6 2. Bg5 e6 3. e3 d5 4. Nd2 Nbd7 5. Ngf3 Bd6 6. c4 c6 7. a3 h6 8. Bh4
O-O 9. Bg3 Bxg3 10. hxg3 Qe7 11. Ne5 Nxe5 12. dxe5 Nd7 13. f4 f6 14. Nf3 fxe5
15. fxe5 Rf5 16. Bd3 Rg5 17. Nxg5 Qxg5 18. Qe2 Qxg3+ 19. Kd2 Qxe5 20. Kc2 Nf6
21. Raf1 Bd7 22. Qf3 Rf8 23. Qf4 Qxf4 24. exf4 dxc4 25. Bxc4 Nd5 26. Bxd5 exd5
27. g3 Bf5+ 28. Kd2 c5 29. Re1 Be4 30. Rh5 Rf6 31. Rc1 c4 32. Ke3 Rb6 33. Rh2
Rb3+ 34. Rc3 Rb6 35. Kd4 Kf7 36. Re3 Rc6 37. Rh5 Rb6 38. Rh2 h5 39. Ke5 Re6+
40. Kd4 g6 41. Rf2 Kf6 42. Rh2 Rc6 43. Rf2 Kf5 44. Rh2 b5 45. Rf2 a5 46. Rf1 b4
47. axb4 axb4 48. Ra1 c3 49. Rxe4 dxe4 50. bxc3 bxc3 51. Rc1 c2 0-1

[Event "SF Brackel 1 - SF Gerresheim 1"]
[Site "NRW-Liga - Gruppe 2 2019/2020"]
[Date "2019.12.15"]
[Round "4.2"]
[White "Fluechter, Gregor"]
[Black "Liedmann, Dennis"]
[Result "1-0"]
[WhiteElo "2177"]
[BlackElo "2117"]
[PlyCount "115"]
[EventDate "2019.??.??"]
[SourceVersionDate "2020.03.16"]
[WhiteTeam "SF Brackel 1"]
[BlackTeam "SF Gerresheim 1"]

1. e4 d5 2. exd5 Nf6 3. d4 Bg4 4. f3 Bf5 5. g4 Bc8 6. c4 e6 7. dxe6 Nxg4 8.
fxg4 Qh4+ 9. Kd2 Bb4+ 10. Kc2 Bxe6 11. Nf3 Qxg4 12. Rg1 Qh5 13. Rg5 Qh6 14. Rb5
Qg6+ 15. Bd3 Qg4 16. Rg5 Qh3 17. Qf1 Qxf1 18. Bxf1 Be7 19. Rg3 Bd6 20. Rg1 Nc6
21. a3 O-O-O 22. Bd3 b5 23. cxb5 Bxh2 24. Rg2 Na5 25. Nbd2 Bf4 26. Rxg7 h5 27.
b4 Bh6 28. Rg1 Nb7 29. Ne4 Bg4 30. Bxh6 Bxf3 31. Bg7 Rhe8 32. Ng5 Bg4 33. Be5
Nd6 34. Raf1 f5 35. Bxd6 Rxd6 36. Bxf5+ Bxf5+ 37. Rxf5 Rxd4 38. Rg2 h4 39. Nf3
Rde4 40. Rh2 Rh8 41. Kd3 Rg4 42. Rh3 Rh6 43. Ne5 Rg8 44. Rf4 Rh5 45. Nc6 Kb7
46. Rfxh4 Rxb5 47. Na5+ Ka6 48. Kc4 c5 49. Rh6+ Rb6 50. Kxc5 Rc8+ 51. Kd4 Kb5
52. R3h5+ Ka4 53. Rxb6 axb6 54. Nc4 Rc6 55. Rh7 Kb3 56. Rh3+ Ka4 57. Nb2+ Kb5
58. Rh5+ 1-0

[Event "SF Brackel 1 - SF Gerresheim 1"]
[Site "NRW-Liga - Gruppe 2 2019/2020"]
[Date "2019.12.15"]
[Round "4.3"]
[White "Van Lanen, Toon"]
[Black "Knudsen, Simon"]
[Result "0-1"]
[WhiteElo "2104"]
[BlackElo "2181"]
[PlyCount "64"]
[EventDate "2019.??.??"]
[SourceVersionDate "2020.03.16"]
[WhiteTeam "SF Gerresheim 1"]
[BlackTeam "SF Brackel 1"]

1. e4 g6 2. d4 Bg7 3. Nc3 d6 4. Nf3 a6 5. Bg5 b5 6. a3 Bb7 7. Qd2 Nd7 8. a4 b4
9. Nd5 a5 10. Bd3 h6 11. Be3 e6 12. Nf4 Ngf6 13. e5 dxe5 14. Nxe6 fxe6 15.
Bxg6+ Kf8 16. O-O-O e4 17. d5 Bxd5 18. Nd4 c5 19. Nxe6+ Bxe6 20. Bxc5+ Kg8 21.
Qd6 Bf7 22. Bf5 Rc8 23. f3 Qc7 24. Qxc7 Rxc7 25. Bd6 Rc6 26. fxe4 Ne8 27. Bg3
Ne5 28. Rd8 Bf6 29. Ra8 Kg7 30. Rxa5 Nc4 31. Ra7 Bxb2+ 32. Kb1 Bd4 0-1

[Event "SF Brackel 1 - SF Gerresheim 1"]
[Site "NRW-Liga - Gruppe 2 2019/2020"]
[Date "2019.12.15"]
[Round "4.4"]
[White "Steinmetzer, Thomas"]
[Black "Selten, Jan"]
[Result "1-0"]
[WhiteElo "2192"]
[BlackElo "2054"]
[PlyCount "117"]
[EventDate "2019.??.??"]
[SourceVersionDate "2020.03.16"]
[WhiteTeam "SF Brackel 1"]
[BlackTeam "SF Gerresheim 1"]

1. d4 e6 2. c4 Nf6 3. Nc3 Bb4 4. Qc2 d5 5. e3 O-O 6. Nf3 c5 7. dxc5 Nbd7 8. Bd2
Nxc5 9. cxd5 exd5 10. a3 Bxc3 11. Bxc3 Nce4 12. Bd3 Bg4 13. Bd4 Rc8 14. Qd1 a5
15. Be2 Nc5 16. O-O Nfe4 17. h3 Bxf3 18. Bxf3 Ne6 19. Qd3 Nxd4 20. Qxd4 Rc2 21.
Rad1 Nf6 22. Rd2 Rxd2 23. Qxd2 Qb6 24. Rd1 h6 25. Qd4 Qb3 26. Rd3 Qc2 27. Qc3
Qb1+ 28. Rd1 Qa2 29. Qxa5 Qxb2 30. Bxd5 Nxd5 31. Rxd5 Rc8 32. Rf5 Qc1+ 33. Kh2
Qc6 34. a4 b6 35. Qd5 Qxd5 36. Rxd5 Ra8 37. Rd4 Kf8 38. Kg3 Ke7 39. Kf4 Ra5 40.
Rb4 Kd7 41. Ke4 Kc6 42. Kd3 h5 43. h4 g6 44. Kc3 Ra7 45. f3 Re7 46. e4 Ra7 47.
Rc4+ Kd6 48. Kd4 Ra5 49. Rb4 Kc6 50. f4 Kc7 51. e5 Kc6 52. Ke4 Kc5 53. Rd4 Ra7
54. g3 Rb7 55. Rd1 Kb4 56. Ra1 Ra7 57. f5 Rc7 58. fxg6 fxg6 59. e6 1-0

[Event "SF Brackel 1 - SF Gerresheim 1"]
[Site "NRW-Liga - Gruppe 2 2019/2020"]
[Date "2019.12.15"]
[Round "4.5"]
[White "Koehler, Markus"]
[Black "Goldschmidt, Christian"]
[Result "1/2-1/2"]
[WhiteElo "2085"]
[BlackElo "2164"]
[PlyCount "186"]
[EventDate "2019.??.??"]
[SourceVersionDate "2020.03.16"]
[WhiteTeam "SF Gerresheim 1"]
[BlackTeam "SF Brackel 1"]

1. c4 e6 2. g3 d5 3. Bg2 Nf6 4. Nf3 dxc4 5. O-O a6 6. Qc2 c5 7. Qxc4 b5 8. Qc2
Bb7 9. b3 Be7 10. a4 Nc6 11. Nc3 Nd4 12. Nxd4 Bxg2 13. Nxe6 fxe6 14. Kxg2 O-O
15. axb5 axb5 16. Rxa8 Qxa8+ 17. f3 Qc6 18. Bb2 c4 19. bxc4 Qxc4 20. d3 Qc6 21.
Rc1 Qb6 22. Nd1 b4 23. Qc6 Rb8 24. Qxb6 Rxb6 25. Rc7 Nd5 26. Rc8+ Kf7 27. e4
Nf6 28. Ne3 Rb7 29. Nc4 Nd7 30. Kf2 Ra7 31. Ke3 Bf6 32. d4 g6 33. Nd6+ Kg7 34.
Ne8+ Kf7 35. Nxf6 Kxf6 36. Rc4 Ra4 37. d5+ Ke7 38. dxe6 Kxe6 39. f4 Kd6 40. e5+
Kd5 41. Rd4+ Ke6 42. Kd3 Nc5+ 43. Kc4 Ra2 44. Kxc5 Rxb2 45. Rxb4 Rxh2 46. Rb6+
Ke7 47. Kd5 Rd2+ 48. Ke4 Rh2 49. g4 Rh4 50. Kf3 Kf7 51. f5 Rh1 52. Rb7+ Kg8 53.
e6 Re1 54. Kf4 h6 55. Rb4 Kf8 56. Re4 Rf1+ 57. Ke5 Ke7 58. Rf4 Re1+ 59. Kd5
Rd1+ 60. Kc4 Rc1+ 61. Kd3 Rd1+ 62. Ke2 Rd8 63. Ke3 h5 64. Ra4 Kf6 65. fxg6 hxg4
66. Kf4 Kxe6 67. Kg5 Ke7 68. Rf4 g3 69. Rf7+ Ke8 70. Rf1 g2 71. Rg1 Kf8 72. Kh6
Kg8 73. Rxg2 Ra8 74. Re2 Rb8 75. Re6 Ra8 76. Rb6 Rc8 77. Kg5 Ra8 78. Re6 Rb8
79. Kh6 Ra8 80. Re7 Rb8 81. Rg7+ Kh8 82. Ra7 Kg8 83. Re7 Ra8 84. Kg5 Rb8 85.
Kf6 Ra8 86. Kf5 Rb8 87. Kg5 Ra8 88. Kh6 Rb8 89. Re6 Ra8 90. Rf6 Rb8 91. g7 Ra8
92. Rf8+ Rxf8 93. gxf8=Q+ Kxf8 1/2-1/2

[Event "SF Brackel 1 - SF Gerresheim 1"]
[Site "NRW-Liga - Gruppe 2 2019/2020"]
[Date "2019.12.15"]
[Round "4.6"]
[White "Korten, Lando"]
[Black "Kuckling, Hannah"]
[Result "1-0"]
[WhiteElo "2095"]
[BlackElo "2099"]
[PlyCount "63"]
[EventDate "2019.??.??"]
[SourceVersionDate "2020.03.16"]
[WhiteTeam "SF Brackel 1"]
[BlackTeam "SF Gerresheim 1"]

1. d4 d5 2. c4 e6 3. Nc3 a6 4. cxd5 exd5 5. Nf3 c6 6. Qc2 Bd6 7. Bg5 Ne7 8. e3
Bf5 9. Qxf5 Nxf5 10. Bxd8 Kxd8 11. Bd3 Nh6 12. g4 Nxg4 13. Rg1 Nxh2 14. Nxh2
Bxh2 15. Rxg7 h5 16. Rxf7 Nd7 17. Bf5 Nb6 18. O-O-O Rb8 19. Rh1 Ke8 20. Bg6 Rh6
21. Rxh2 Rxg6 22. Rh7 Kf8 23. R2xh5 Rg7 24. Rh8+ Rg8 25. Ne2 Nd7 26. Nf4 Nf6
27. R5h6 Kf7 28. Rxg8 Rxg8 29. Kc2 b6 30. f3 c5 31. Kc3 Rg3 32. Rxf6+ 1-0

[Event "SF Brackel 1 - SF Gerresheim 1"]
[Site "NRW-Liga - Gruppe 2 2019/2020"]
[Date "2019.12.15"]
[Round "4.7"]
[White "Finke, Tobias"]
[Black "Gerlach, Felix"]
[Result "0-1"]
[WhiteElo "2034"]
[BlackElo "2034"]
[PlyCount "104"]
[EventDate "2019.??.??"]
[SourceVersionDate "2020.03.16"]
[WhiteTeam "SF Gerresheim 1"]
[BlackTeam "SF Brackel 1"]

1. Nf3 c5 2. c4 Nc6 3. g3 g6 4. Nc3 Bg7 5. Bg2 d6 6. O-O e6 7. e3 Nge7 8. d4
O-O 9. b3 cxd4 10. Nxd4 Nxd4 11. exd4 Qb6 12. Ne2 Bd7 13. a4 Bc6 14. a5 Qc7 15.
Bf4 Bxg2 16. Kxg2 e5 17. Be3 Nf5 18. Ra2 Rfe8 19. d5 Nxe3+ 20. fxe3 Bh6 21. e4
a6 22. h4 b6 23. Qd3 bxa5 24. Rfa1 Reb8 25. Rxa5 Rb6 26. R1a3 Qb7 27. g4 Rb8
28. g5 Bf8 29. Nc1 Be7 30. Qg3 Bd8 31. R5a4 Ra8 32. c5 dxc5 33. Qxe5 Qd7 34.
Qg3 Bc7 35. Qf3 Qd6 36. Ra2 Qh2+ 37. Kf1 Qxh4 38. Rf2 Rf8 39. Qe3 Rb4 40. Rxb4
cxb4 41. Nd3 Qh1+ 42. Ke2 Re8 43. Rf3 Qh2+ 44. Kf1 Qh1+ 45. Ke2 a5 46. e5 Qg2+
47. Ke1 Bxe5 48. Nxe5 Qh1+ 49. Kd2 Qh2+ 50. Kd3 Rxe5 51. Qa7 Qe2+ 52. Kd4 Re4+
0-1

[Event "SF Brackel 1 - SF Gerresheim 1"]
[Site "NRW-Liga - Gruppe 2 2019/2020"]
[Date "2019.12.15"]
[Round "4.8"]
[White "Bungarten, Jona"]
[Black "Yilmaz, Ahmet"]
[Result "1-0"]
[WhiteElo "1830"]
[BlackElo "1865"]
[PlyCount "131"]
[EventDate "2019.??.??"]
[SourceVersionDate "2020.03.16"]
[WhiteTeam "SF Brackel 1"]
[BlackTeam "SF Gerresheim 1"]

1. e4 e5 2. Nf3 Nc6 3. Bc4 Nf6 4. Ng5 d5 5. exd5 Na5 6. Bb5+ c6 7. dxc6 bxc6 8.
Qf3 Rb8 9. Bd3 Be7 10. O-O O-O 11. Re1 h6 12. Ne4 Nd5 13. Ng3 Bd6 14. Bf5 Bb7
15. d3 c5 16. Be4 Ne7 17. Bxb7 Rxb7 18. Nf5 Nxf5 19. Qxf5 Nc6 20. c3 Ne7 21.
Qf3 Rd7 22. Na3 Bb8 23. Be3 Rxd3 24. Rad1 e4 25. Qe2 Qd6 26. g3 Rd8 27. Rxd3
exd3 28. Qg4 Ng6 29. Qe4 Nf8 30. Nc4 Qd5 31. Qxd5 Rxd5 32. Rd1 Ne6 33. b3 Rd7
34. Nb2 Be5 35. Rxd3 Rxd3 36. Nxd3 Bxc3 37. Nxc5 Nd4 38. Ne4 Ba1 39. Kg2 Nc6
40. f4 Kf8 41. Bc5+ Ke8 42. Nd6+ Kd7 43. Nxf7 Ke6 44. Nd6 Kd5 45. Ba3 Nd4 46.
Ne8 g6 47. Nf6+ Ke6 48. Ne4 Kd5 49. Nd2 Nb5 50. Bf8 h5 51. Kf3 Bd4 52. Ne4 Bg1
53. Nf2 Nc3 54. a3 Nb5 55. Kg2 Bxf2 56. Kxf2 Nd4 57. b4 Nc2 58. a4 Kc4 59. Kf3
Nxb4 60. Ke4 Nd3 61. f5 Nf2+ 62. Kf3 Ng4 63. h3 Ne5+ 64. Ke4 Nd7 65. fxg6 Kc3
66. Be7 1-0

[Event "SK Königsspringer Iserlohn 1 - SF Liem"]
[Site "NRW-Liga - Gruppe 2 2019/2020"]
[Date "2019.12.15"]
[Round "4.1"]
[White "Wittke, Rene"]
[Black "Scheider, Julian"]
[Result "1-0"]
[WhiteElo "2276"]
[BlackElo "2291"]
[PlyCount "47"]
[EventDate "2019.??.??"]
[SourceVersionDate "2020.03.16"]
[WhiteTeam "SF Lieme 1"]
[BlackTeam "SK Königsspringer Iserlohn 1"]

1. e4 c6 2. d4 d5 3. e5 Bf5 4. h4 h5 5. Bd3 Bxd3 6. Qxd3 e6 7. Bg5 Ne7 8. Nd2
Qa5 9. Ngf3 Qa6 10. c4 Nd7 11. O-O O-O-O 12. b4 Nb6 13. b5 cxb5 14. cxb5 Qa4
15. Nb3 Nd7 16. Bd2 f6 17. exf6 gxf6 18. Rfe1 e5 19. dxe5 fxe5 20. Nxe5 Nxe5
21. Qc3+ Nc4 22. Qxh8 Nxd2 23. Nxd2 Qxh4 24. Qe5 1-0

[Event "SK Königsspringer Iserlohn 1 - SF Liem"]
[Site "NRW-Liga - Gruppe 2 2019/2020"]
[Date "2019.12.15"]
[Round "4.2"]
[White "Eckardt, Joshua"]
[Black "Niermann, Tristan"]
[Result "1-0"]
[WhiteElo "2250"]
[BlackElo "2230"]
[PlyCount "113"]
[EventDate "2019.??.??"]
[SourceVersionDate "2020.03.16"]
[WhiteTeam "SK Königsspringer Iserlohn 1"]
[BlackTeam "SF Lieme 1"]

1. d4 Nf6 2. c4 e6 3. g3 c5 4. d5 exd5 5. cxd5 d6 6. Nc3 g6 7. Nf3 Bg7 8. Bg2
O-O 9. O-O Re8 10. Bf4 Na6 11. a4 Nb4 12. h3 Bf5 13. Nd2 Bc2 14. Qc1 Nh5 15.
Nc4 Nxf4 16. Qxf4 Be5 17. Nxe5 Rxe5 18. Qd2 f5 19. f4 Re8 20. Rfc1 Be4 21. Bxe4
fxe4 22. Nd1 Qf6 23. Ne3 Qd4 24. Qxd4 cxd4 25. Rc4 dxe3 26. Rxb4 Rac8 27. Ra3
Rc5 28. Rxe3 Rxd5 29. Rexe4 Rxe4 30. Rxe4 Rd2 31. b3 Kf7 32. Kf2 Rb2 33. Re3 h5
34. Kf3 d5 35. g4 hxg4+ 36. hxg4 b6 37. Rc3 d4 38. Rd3 Ke6 39. Rxd4 Rxb3+ 40.
Ke4 b5 41. f5+ gxf5+ 42. gxf5+ Ke7 43. axb5 Rxb5 44. Rd5 Rb2 45. e3 Kf6 46.
Rd6+ Kg5 47. Rg6+ Kh5 48. Rg1 a5 49. f6 Rf2 50. Ke5 a4 51. e4 a3 52. Ke6 Rf4
53. e5 Rg4 54. Rf1 a2 55. f7 Rf4 56. Ra1 Kg6 57. Rxa2 1-0

[Event "SK Königsspringer Iserlohn 1 - SF Liem"]
[Site "NRW-Liga - Gruppe 2 2019/2020"]
[Date "2019.12.15"]
[Round "4.3"]
[White "Himpenmacher, Andy"]
[Black "Schmuecker, Marcus"]
[Result "0-1"]
[WhiteElo "2197"]
[BlackElo "2171"]
[PlyCount "78"]
[EventDate "2019.??.??"]
[SourceVersionDate "2020.03.16"]
[WhiteTeam "SF Lieme 1"]
[BlackTeam "SK Königsspringer Iserlohn 1"]

1. d4 Nf6 2. Bf4 d5 3. e3 e6 4. Nf3 c5 5. c3 Bd6 6. Bg3 O-O 7. Nbd2 Qc7 8. Ne5
Nc6 9. f4 b6 10. Bd3 Bb7 11. Qf3 Ne7 12. Bh4 Ne8 13. Qh3 g6 14. g4 cxd4 15.
cxd4 f6 16. Nef3 a5 17. f5 exf5 18. gxf5 Bc8 19. Rg1 Kh8 20. Bf2 Ng7 21. Nh4 g5
22. Qg2 Rg8 23. e4 gxh4 24. e5 Ngxf5 25. exd6 Qxd6 26. Qf3 Qe6+ 27. Kd1 Rxg1+
28. Bxg1 Bd7 29. Rc1 Qd6 30. Kc2 Rc8+ 31. Kb1 Rxc1+ 32. Kxc1 Ng7 33. Bf2 Bf5
34. Bxh4 Bxd3 35. Qxd3 Ngf5 36. Bg3 Qe6 37. Qc3 Nc6 38. Bf2 Nb4 39. Kd1 Nxa2
0-1

[Event "SK Königsspringer Iserlohn 1 - SF Liem"]
[Site "NRW-Liga - Gruppe 2 2019/2020"]
[Date "2019.12.15"]
[Round "4.4"]
[White "Kind, Bertram"]
[Black "Essing, Arnold"]
[Result "1/2-1/2"]
[WhiteElo "2106"]
[BlackElo "2172"]
[PlyCount "39"]
[EventDate "2019.??.??"]
[SourceVersionDate "2020.03.16"]
[WhiteTeam "SK Königsspringer Iserlohn 1"]
[BlackTeam "SF Lieme 1"]

1. e4 Nf6 2. e5 Nd5 3. d4 d6 4. f4 g6 5. c4 Nb6 6. Nf3 dxe5 7. fxe5 Bg7 8. Be2
Bg4 9. Na3 c5 10. dxc5 N6d7 11. Bf4 O-O 12. O-O Nxc5 13. Qxd8 Rxd8 14. Nb5 Ne6
15. Bg3 Nc6 16. Rad1 a6 17. Nc3 Bxf3 18. Bxf3 Ned4 19. Bxc6 {(=)} Nxc6 20. Nd5
1/2-1/2

[Event "SK Königsspringer Iserlohn 1 - SF Liem"]
[Site "NRW-Liga - Gruppe 2 2019/2020"]
[Date "2019.12.15"]
[Round "4.5"]
[White "Wolf, Andre"]
[Black "Runtemund, Rene"]
[Result "1/2-1/2"]
[WhiteElo "2141"]
[BlackElo "2023"]
[PlyCount "28"]
[EventDate "2019.??.??"]
[SourceVersionDate "2020.03.16"]
[WhiteTeam "SF Lieme 1"]
[BlackTeam "SK Königsspringer Iserlohn 1"]

1. e4 d5 2. exd5 Nf6 3. Bb5+ Bd7 4. Be2 Bf5 5. Nf3 Nxd5 6. d4 e6 7. a3 c5 8. c4
Nf6 9. O-O Nc6 10. dxc5 Qxd1 11. Rxd1 Bxc5 12. b4 Be7 13. Nc3 O-O 14. h3 Ne4
1/2-1/2

[Event "SK Königsspringer Iserlohn 1 - SF Liem"]
[Site "NRW-Liga - Gruppe 2 2019/2020"]
[Date "2019.12.15"]
[Round "4.6"]
[White "Franz, Christian"]
[Black "Krallmann, Matthias"]
[Result "0-1"]
[WhiteElo "2026"]
[BlackElo "2112"]
[PlyCount "68"]
[EventDate "2019.??.??"]
[SourceVersionDate "2020.03.16"]
[WhiteTeam "SK Königsspringer Iserlohn 1"]
[BlackTeam "SF Lieme 1"]

1. c4 c5 2. Nc3 Nf6 3. g3 e6 4. e4 Nc6 5. Bg2 d5 6. cxd5 exd5 7. Nxd5 Nxd5 8.
exd5 Nb4 9. a3 Nxd5 10. Qa4+ Bd7 11. Qb3 Bc6 12. Ne2 Be7 13. Nc3 Nxc3 14. Bxc6+
bxc6 15. dxc3 Qd3 16. Be3 O-O 17. Rd1 Qe4 18. O-O Rab8 19. Qa2 h5 20. Bf4 Rb7
21. Qb1 Qf3 22. Rd3 Qg4 23. Bd6 Bxd6 24. Rxd6 h4 25. f3 Qg5 26. Kg2 Re8 27. Rf2
Rbe7 28. Qd3 hxg3 29. hxg3 Re1 30. Rf1 R8e2+ 31. Rf2 Rg1+ 32. Kxg1 Qxg3+ 33.
Kh1 Qh4+ 34. Kg2 Rxf2+ 0-1

[Event "SK Königsspringer Iserlohn 1 - SF Liem"]
[Site "NRW-Liga - Gruppe 2 2019/2020"]
[Date "2019.12.15"]
[Round "4.7"]
[White "Stork, Holger"]
[Black "Lueck, Kai"]
[Result "1-0"]
[WhiteElo "2048"]
[BlackElo "1998"]
[PlyCount "37"]
[EventDate "2019.??.??"]
[SourceVersionDate "2020.03.16"]
[WhiteTeam "SF Lieme 1"]
[BlackTeam "SK Königsspringer Iserlohn 1"]

1. e4 c6 2. d4 d5 3. e5 Bf5 4. Nf3 e6 5. Be2 Nd7 6. O-O Ne7 7. Nbd2 h6 8. Nb3
g5 9. Ne1 c5 10. Nxc5 Nxc5 11. dxc5 Nc6 12. Bd3 Bxc5 13. Bxf5 exf5 14. Nd3 Qe7
15. Re1 O-O 16. Qh5 Kg7 17. Nxc5 Qxc5 18. Bxg5 hxg5 19. Qxg5+ 1-0

[Event "SK Königsspringer Iserlohn 1 - SF Liem"]
[Site "NRW-Liga - Gruppe 2 2019/2020"]
[Date "2019.12.15"]
[Round "4.8"]
[White "Meinecke, Gerd"]
[Black "Schaffarczyk, Andre"]
[Result "1/2-1/2"]
[WhiteElo "1956"]
[BlackElo "2074"]
[PlyCount "80"]
[EventDate "2019.??.??"]
[SourceVersionDate "2020.03.16"]
[WhiteTeam "SK Königsspringer Iserlohn 1"]
[BlackTeam "SF Lieme 1"]

1. d4 d5 2. Bf4 Nf6 3. h3 e6 4. Nf3 Bd6 5. Bh2 Bxh2 6. Nxh2 O-O 7. e3 b6 8. Bd3
c5 9. c3 Qe7 10. f4 Ne4 11. O-O Ba6 12. Bxa6 Nxa6 13. Qd3 c4 14. Qd1 b5 15. a3
Nc7 16. Nd2 a5 17. Nhf3 Ng3 18. Re1 Qd6 19. Kh2 Ne4 20. Qc2 f5 21. Ne5 b4 22.
Nxe4 fxe4 23. Qa4 Rfb8 24. Reb1 Ra6 25. Nd7 Rb5 26. Nc5 Ra8 27. Qd1 bxc3 28.
bxc3 Rab8 29. a4 Rb2 30. Rxb2 Rxb2 31. Rb1 Qb6 32. Rxb2 Qxb2 33. Qg4 Qxc3 34.
Nxe6 Nxe6 35. Qxe6+ Kf8 36. Qd6+ Ke8 37. Qe6+ Kf8 38. Qd6+ Ke8 39. Qe6+ Kf8 40.
Qd6+ Ke8 1/2-1/2

[Event "SF Gerresheim 1 - SV Kamen 1"]
[Site "NRW-Liga - Gruppe 2 2019/2020"]
[Date "2020.01.26"]
[Round "5.1"]
[White "Weidemann, Christian"]
[Black "Dresen, Ulrich"]
[Result "1/2-1/2"]
[WhiteElo "2272"]
[BlackElo "2195"]
[PlyCount "21"]
[EventDate "2020.??.??"]
[SourceVersionDate "2020.03.16"]
[WhiteTeam "SV Kamen 1"]
[BlackTeam "SF Gerresheim 1"]

1. e4 e5 2. Nf3 Nc6 3. Nc3 Nf6 4. a3 Be7 5. d4 d6 6. h3 O-O 7. Be2 exd4 8. Nxd4
Nxd4 9. Qxd4 Be6 10. O-O d5 11. exd5 1/2-1/2

[Event "SF Gerresheim 1 - SV Kamen 1"]
[Site "NRW-Liga - Gruppe 2 2019/2020"]
[Date "2020.01.26"]
[Round "5.2"]
[White "Liedmann, Dennis"]
[Black "Himmel, Hansjoerg"]
[Result "1-0"]
[WhiteElo "2094"]
[BlackElo "2244"]
[Annotator "Daniel"]
[PlyCount "103"]
[EventDate "2020.??.??"]
[SourceVersionDate "2020.03.16"]
[WhiteTeam "SF Gerresheim 1"]
[BlackTeam "SV Kamen 1"]

1. d4 Nf6 2. Nf3 e6 3. e3 c5 4. Bd3 Nc6 5. O-O d5 6. c3 Bd6 7. Nbd2 O-O 8. Re1
e5 9. dxc5 Bxc5 10. b4 Bb6 11. b5 e4 12. bxc6 bxc6 13. Ne5 exd3 14. Nxc6 Qc7
15. Nb4 Qxc3 16. Rb1 Bg4 17. f3 d4 18. e4 Be6 19. a3 a5 20. Nxd3 Ba7 21. Qe2
Rab8 22. Bb2 Qc6 23. Kh1 Rfc8 24. Nf4 Ba2 25. Rbc1 Qd7 26. Qa6 h6 27. Nd3 Re8
28. Qxa5 Bb6 29. Qa6 Qd8 30. Nb4 Ba5 31. Nc6 Rxb2 32. Nxd8 Bxd2 33. Nc6 Bxe1
34. Rxe1 Rd2 35. Qa5 Rf2 36. Nxd4 Rb8 37. Nb5 Rb2 38. a4 Rc8 39. Nc3 Be6 40. h4
Rc2 41. Re3 Rb8 42. Re2 Rc1+ 43. Kh2 Rc8 44. Na2 Ra1 45. Nc3 Rc1 46. Nb5 Ra1
47. Rd2 Rcc1 48. Nd4 Bd7 49. g4 Rh1+ 50. Kg3 Raf1 51. Qa8+ Kh7 52. e5 {ZÜ} 1-0

[Event "SF Gerresheim 1 - SV Kamen 1"]
[Site "NRW-Liga - Gruppe 2 2019/2020"]
[Date "2020.01.26"]
[Round "5.3"]
[White "Luetke, Jens"]
[Black "Van Lanen, Toon"]
[Result "0-1"]
[WhiteElo "2237"]
[BlackElo "2104"]
[PlyCount "116"]
[EventDate "2020.??.??"]
[SourceVersionDate "2020.03.16"]
[WhiteTeam "SV Kamen 1"]
[BlackTeam "SF Gerresheim 1"]

1. e4 c5 2. Nf3 Nc6 3. Bb5 Nd4 4. a4 a6 5. Bc4 e6 6. Nxd4 cxd4 7. O-O d5 8.
exd5 exd5 9. Re1+ Be6 10. Be2 Rc8 11. Bg4 Qf6 12. d3 Bd6 13. Bxe6 fxe6 14. Qh5+
Kd7 15. Nd2 Ne7 16. c4 dxc3 17. bxc3 Qxc3 18. Rb1 Qxd3 19. Rxb7+ Rc7 20. Rxc7+
Bxc7 21. Nf3 Rf8 22. Qh3 Rf5 23. Ba3 Qxa3 24. Rxe6 Qxa4 25. Re1 Qb4 26. Rxe7+
Kxe7 27. Qxf5 Qe4 28. Qg5+ Kf7 29. Qc1 Bf4 30. Qa1 Qc4 31. g3 Qc1+ 32. Qxc1
Bxc1 33. Kf1 Kf6 34. Ke2 Bb2 35. Ne1 Kf5 36. Nd3 Bc3 37. f3 a5 38. Nf4 Ke5 39.
Kd3 Bb2 40. Kc2 Bd4 41. Nd3+ Kd6 42. Kb3 Be3 43. Ka4 Bd2 44. Kb5 Bc3 45. Ka4
Kc6 46. Kb3 Bd2 47. Ka4 d4 48. Kb3 Kd5 49. Kc2 Be3 50. Kb3 Bg1 51. Nf4+ Kc5 52.
Nd3+ Kb5 53. h3 a4+ 54. Kc2 Bh2 55. g4 Bd6 56. Kb2 Kc4 57. Kc2 a3 58. Nc1 d3+
0-1

[Event "SF Gerresheim 1 - SV Kamen 1"]
[Site "NRW-Liga - Gruppe 2 2019/2020"]
[Date "2020.01.26"]
[Round "5.4"]
[White "Selten, Jan"]
[Black "Kleinegger, Frank"]
[Result "1/2-1/2"]
[WhiteElo "2054"]
[BlackElo "2085"]
[PlyCount "38"]
[EventDate "2020.??.??"]
[SourceVersionDate "2020.03.16"]
[WhiteTeam "SF Gerresheim 1"]
[BlackTeam "SV Kamen 1"]

1. e4 d6 2. d4 Nf6 3. Nc3 e5 4. dxe5 dxe5 5. Qxd8+ Kxd8 6. Bc4 Be6 7. Bxe6 fxe6
8. Nf3 Bd6 9. Bg5 Nc6 10. O-O-O Ke7 11. Rd3 a6 12. Rhd1 b5 13. Nd2 h6 14. Bxf6+
gxf6 15. Ne2 Nb4 16. Ra3 Rhg8 17. g3 Nc6 18. Rd3 Nb4 19. Ra3 Nc6 1/2-1/2

[Event "SF Gerresheim 1 - SV Kamen 1"]
[Site "NRW-Liga - Gruppe 2 2019/2020"]
[Date "2020.01.26"]
[Round "5.5"]
[White "Seepe, Udo"]
[Black "Koehler, Markus"]
[Result "1/2-1/2"]
[WhiteElo "2016"]
[BlackElo "2085"]
[PlyCount "170"]
[EventDate "2020.??.??"]
[SourceVersionDate "2020.03.16"]
[WhiteTeam "SV Kamen 1"]
[BlackTeam "SF Gerresheim 1"]

1. Nf3 c5 2. g3 Nc6 3. Bg2 Nf6 4. c4 g6 5. d4 cxd4 6. Nxd4 Bg7 7. Nc3 O-O 8. c5
Ng4 9. e3 Nxd4 10. exd4 d6 11. h3 Nf6 12. O-O dxc5 13. dxc5 Qc7 14. Be3 Bd7 15.
Rc1 Bc6 16. b4 Bxg2 17. Kxg2 Rfd8 18. Qf3 a6 19. Rfd1 Qc6 20. Bg5 Kf8 21. Bxf6
Qxf3+ 22. Kxf3 Bxf6 23. Nd5 Bg5 24. Rb1 e6 25. Nb6 Rxd1 26. Rxd1 Rd8 27. Rxd8+
Bxd8 28. Nc4 Bc7 29. Ke4 Ke7 30. a4 f6 31. b5 axb5 32. axb5 Kd7 33. f4 h6 34.
g4 f5+ 35. Kf3 g5 36. Ne5+ Kc8 37. Nf7 fxg4+ 38. hxg4 Bxf4 39. Nxh6 Kd7 40. Ng8
Be5 41. Nh6 Ke7 42. c6 bxc6 43. bxc6 Kf6 44. Ng8+ Kf7 45. Ke4 Bc7 46. Nh6+ Ke7
47. Kd4 Bf4 48. Ke4 Kd6 49. Nf7+ Kxc6 50. Ne5+ Kb5 51. Nd3 Bd6 52. Ne1 Kc5 53.
Nf3 Bf4 54. Nd4 Kd6 55. Nb5+ Kd7 56. Nc3 Bb8 57. Kf3 Kc6 58. Ne4 Bf4 59. Nf6
Kc5 60. Ne4+ Kd4 61. Nf6 Ke5 62. Nd7+ Kd4 63. Nf6 Bc1 64. Ne4 Ke5 65. Nf2 Ba3
66. Nd3+ Kd4 67. Nf2 Bc1 68. Ne4 Be3 69. Ng3 Kd3 70. Nh1 Bf4 71. Nf2+ Kd4 72.
Ne4 Kd5 73. Nf2 Kd4 74. Ne4 Kd5 75. Nc3+ Ke5 76. Nd1 Kd4 77. Nf2 Bc1 78. Ne4
Bf4 79. Nf6 Ke5 80. Nd7+ Kd6 81. Nf6 Ke5 82. Ne4 Kd4 83. Nf2 e5 84. Ne4 Kd3 85.
Nc5+ Kd4 1/2-1/2